000 00600nam a22001817a 4500
999 _c14705
_d14705
003 AR-CdUCM
008 190424b ||||| |||| 00| 0 spa d
020 _a978-84-9825-419-8
040 _aMUNICIPALIDAD PROVINCIAL DEL CUSCO
_cBIBLIOTECA MUNICIPAL DEL CUSCO
082 _aPI / 376.1 /
_bT19
110 _aTango books
_933570
245 _aElige el verde :
_b10 cosas que puedes hacer por un mundo más verde /
260 _aBarcelona :
_bCombel,
_c2009.
300 _a10 páginas ;
_bIlustraciones,
_c21 cm.
650 _aLiteratura infantil
_9588
942 _2ddc
_cLIBROS
945 _aacv
_d2019-04-24